Bilecik Bilecik Bilecik Bilecik Bilecik

Kiralık konak/ (Record no. 20870)

MARC details
000 -BAŞLIK
Sabit Uzunluktaki Kontrol Alanı 01079nam a22003497a 4500
001 - KONTROL NUMARASI
Control Dosyası 0020914
003 - KONTROL NUMARASI KİMLİĞİ
Kontrol Alanı KOHA_MİRAKIL
005 - EN SON İŞLEM TARİHİ ve ZAMANI
Kontrol Alanı 20260207002306.0
007 - FİZİKSEL TANIM SABİT ALAN - GENEL BİLGİ
Sabit uzunluklu kontrol alanı ta
008 - SABİT UZUNLUKTAKİ VERİ ÖGELERİ - GENEL BİLGİ
Sabit Alan 100812b2003 tu |||gr||||#0|||1|tur |
020 ## - ISBN - ULUSLARARASI STANDART KİTAP NUMARASI
Isbn 9754700087
Kullanılabilirlik koşulları 3,5
040 ## - KATALOGLAMA KAYNAĞI
Özgün Kataloglama Kurumu TR-BiSEU
Kataloglama Dili tur
Çeviri Kurumu TR-BiSEU
Açıklama Kuralları rda
041 0# - DİL KODU
Metin ya da ses kaydının dil kodu tur
044 ## - YAYINLAYAN/ÜRETEN KURULUŞUN ÜLKE KODU
ISO country code tu
050 ## - SINIFLAMA ve YER NUMARASI
Sınıflama Numarası PL248.K57
Yer Numarası K37 2003
100 1# - KİŞİ ADI
Yazar Adı (Kişi adı) Karaosmanoğlu, Yakup Kadri.
245 1# - ESER ADI BİLDİRİMİ
Başlık Kiralık konak/
Sorumluluk Bildirimi Yakup Kadri Karaosmanoğlu ; Yakup Kadri Karaosmanoğlu.
250 ## - BASIM BİLDİRİMİ
Basım Bildirimi 18. bsk.
264 #1 - ÜRERİM, YAYIN, DAĞITIM ve TELİF BİLDİRİMİ
Yayın yeri İstanbul :
Yayınlayan İletişim
Yayın tarihi 2003
300 ## - FİZİKSEL TANIMLAMA
Sayfa, Cilt vb. 232 s.
336 ## - İÇERİK TÜRÜ
Content type term metin
Content type code txt
Source rdacontent
337 ## - MEDYA TÜRÜ
Media type term aracısız
Media type code n
Source rdamedia
338 ## - TAŞIYICI TÜRÜ
Carrier type term cilt
Carrier type code nc
Source rdacarrier
490 1# - DİZİ BİLDİRİMİ
Dizi Bildirimi İletişim yayınları ;
Cilt Numarası 4.
490 1# - DİZİ BİLDİRİMİ
Dizi Bildirimi Yakup Kadri Karaosmanoğlu bütün eserleri dizisi ;
Cilt Numarası 4.
500 ## - GENEL NOT
Genel Not Kaynakça var.
650 #0 - KONU BAŞLIĞI EK GİRİŞ - KONU TERİMİ
Konusal terim veya coğrafi ad Türk Edebiyatı--Roman.
9 (RLIN) 22521
830 1# - SERİ EK GİRİŞİ - TEKBİÇİM ESER ADI
Tekbiçim Başlık İletişim yayınları ;
Volume number/sequential designation 4.
9 (RLIN) 2528
830 1# - SERİ EK GİRİŞİ - TEKBİÇİM ESER ADI
Tekbiçim Başlık Yakup Kadri Karaosmanoğlu bütün eserleri dizisi ;
Volume number/sequential designation 4.
9 (RLIN) 45007
907 ## - LOCAL DATA ELEMENT G, LDG (RLIN)
a Roman
942 ## - EK GİRİŞ ÖGELERİ (KOHA)
Source of classification or shelving scheme Library of Congress Classification
Koha item type Book
Holdings
Materyal Türü Kalıcı Konum Mevcut Konum Sınıflandırma Kaynağı Edinim Bilgisi Ana Konular Alt Konular Yer Numarası Demirbaş Numarası Fatura Tarihi Maliyet, Alış Fiyatı Maliyet, Yenileme Fiyatı Geri Çekilme Durumu Kayıp Durumu Hasarlı Durumu Kredi için değil Kayıt Tarih Toplam Ödünçverme Son Görülme Tarihi Son Kontrol Tarihi Genel / Bağış Notu
Book BŞEÜ Pazaryeri MYO Kütüphanesi BŞEÜ Pazaryeri MYO Kütüphanesi Library of Congress Classification Bağış DİL VE EDEBİYAT Doğu Asya, Afrika, Okyanusya Dilleri ve Edebiyatları PL248.K57 K37 2003 0020914 02/02/2026 8.00 8.00         12/08/2010   05/12/2024 05/12/2024 Genel Bağış